| 000 | 00377nam a2200145Ia 4500 | ||
|---|---|---|---|
| 008 | 230917s9999||||xx |||||||||||||| ||und|| | ||
| 040 |
_e84805 _aMAIN |
||
| 041 | _aEnglish | ||
| 082 | _a372 P137E | ||
| 100 | _aRajput, J S | ||
| 245 | 0 | _aExperience and expectations in elementary education | |
| 260 |
_aDelhi _bAnamika Publishers _c1994 |
||
| 300 | _axvi, 228 p. | ||
| 942 | _cBK | ||
| 999 |
_c82874 _d82874 |
||